| 000 | 01022cai a22002175a 4500 | ||
|---|---|---|---|
| 001 | L155443 | ||
| 008 | 120323s2012 xxk f 000 0 eng d | ||
| 035 | _a(Sirsi) u155443 | ||
| 041 | 0 | _aeng | |
| 110 | 2 | _aNorthumbria University | |
| 245 | 0 | 0 |
_aBIM academy _h[electronic resource] |
| 260 |
_aNewcastle upon Tyne _bNorthumbria University _c2012 |
||
| 520 | _aBIM academy combines industry experience and academic knowledge to create a centre of excellence in Building Information Modelling (BIM). The academy undertakes consultancy, research, software development, training and education and supports the entire industry: design, manufacture, supply, construction and facilities management, regulatory bodies and government. | ||
| 590 | _aKA NTK | ||
| 650 | 2 | 4 | _aBUILDING INFORMATION MODELLING |
| 650 | 2 | 4 |
_aBIM _96219 |
| 651 | 4 |
_aUnited Kingdom _y |
|
| 690 |
_aBIM _96219 |
||
| 856 | 4 | 0 |
_uhttps://collab.northumbria.ac.uk/bim2/ _zRegister and view the library free of charge at collab.northumbria.ac.uk |
| 942 | _n0 | ||
| 999 |
_c113576 _d113576 |
||